Hyökyaalto - Antti Tuisku - sanat - Statistics

Yleistilastot
  • Tätä visaa on pelattu 39 kertaa
  • Keskiarvotulos 110 / 138
Vastaustilastot
Hint Vastaus % Oikein
. hyökyaalto
100%
. on
100%
. se
100%
. haluaa
96%
. kauniina
96%
. nyt
96%
. päivänä
96%
. rakkaus
96%
.
96%
. sydän
96%
. tekee
96%
. tuut
96%
. miten
91%
. rantaan
91%
. vastaan
91%
. vielä
91%
. vyöryy
91%
. yhtäkkiä
91%
. tiesin
83%
. me
78%
.
74%
. alkaa
65%
. kun
65%
. vai
65%
. et
61%
. juuri
61%
. näin
61%
. odottanut
61%
. olen
61%
. sattumaan
61%
. silmäsi
61%
. sua
61%
. sulje
61%
. uniin
61%
. uskotko
61%
. mitä
57%
. piti
57%
. syöksytään
57%
. tapahtua
57%
. anelee
52%
. ethän
52%
. hei
52%
. huutaa
52%
. kuuntele
52%
. mee
52%
. pakko
52%
. teet
52%
. vain
52%
. aallotkin
48%
. älä
48%
. antaudutaan
48%
. hullu
48%
. ilmaan
48%
. jyrkänteen
48%
. kädet
48%
. kohtaloaan
48%
. pakenee
48%
. tunnet
48%
. ymmärrä
48%
. mennään
43%
. pelkää
43%
. yhdessä
43%
. joko
39%
. hölmö
30%
Ehtoja vastaavia visoja ei löytynyt
Tulosjakauma
Jokaisen tuloksen saaneiden osuus
Persentiili vastausten määrän mukaan
Tuloshistoriasi
Et ole pelannut tätä visaa